00817nam a22002417a 4500003000200000005001700002008000200019010001300021020002600034035002300060037001600083040001500099082001100114100002200125245013600147260004500283270006100328300002500389650006700414650005800481700001800539700001800557020180707170051.00 aB-129845 c395.00a9780195665024 aB-129845, B-129846 bCen Lib/Ret aDPLbENc0 aSbSWA aSwarnakumari Debi aThe uprooted vine :cby Swarnakumari Debi ; translated from bengali by Rajul Sogani [and] Indira GuptabSnehalata ba palita, 1892 / aNew DelhibOxford University Pressc2004 bNew DelhiaYMCA Library Building, Jai Singh Roade110001 axiv,253p. c22cm(Hb) aWomen -- India -- Social conditions -- 19th century -- Fiction aIndia -- Social conditions -- 19th century -- Fiction aSogani, Rajul aGupta, Indira